Finish that Phrase! "Flying to ___" - Statistics

General Stats
  • This quiz has been taken 81 times
  • The average score is 5 of 10
Answer Stats
Rank "Flying to ___" % Correct
1 New York
86%
3 Paris
78%
2 London
77%
7 Los Angeles
68%
5 England
48%
9 Chicago
44%
10 San Francisco
30%
8 Washington
29%
6 Europe
24%
4 California
23%
No matching quizzes found
Score Distribution
Percent of People with Each Score
Percentile by Number Answered
Your Score History
You have not taken this quiz